| 000 | 00795nam a2200253 a 4500 | ||
|---|---|---|---|
| 001 | 30876 | ||
| 003 | UkOxU | ||
| 005 | 20211209051628.0 | ||
| 008 | 140412s1983 ii eb 000 0 eng d | ||
| 035 | _aBD-RjUL)30963 | ||
| 040 |
_aBD-RjUL _beng _cBD-RjUL |
||
| 041 | _aeng | ||
| 082 |
_aR 181.4 _bENC V-1 1983 |
||
| 245 | 0 | 0 |
_aEncyclopedia of Indian philosophies : _nVol.1 : _pBibliography / _ccompiled by Karl H. Potter |
| 250 | _a2nd rev. ed. | ||
| 260 |
_aDelhi : _bMotilal Banarsidass, _cc1983 |
||
| 300 |
_axxxix, 1023 p. ; _c25 cm |
||
| 490 | 1 |
_aEncyclopedia of Indian philosophies ; _vv. 1 |
|
| 650 | 0 |
_aPhilosophy _yIndia _xBibliography _962222 |
|
| 830 | 0 |
_vv. 1 _993809 |
|
| 700 | 1 |
_aPotter, Karl H. _962224 |
|
| 830 | 0 |
_aEncyclopedia of Indian philosophies ; _993810 |
|
| 942 |
_2ddc _cBK |
||
| 999 |
_c30876 _d30876 |
||